Sports Quiz

Random Sports or World Quiz

MLB World Series MVP per Letter Quiz Stats

 Plays Quiz Updated Oct 28, 2018

Challenge
Share
Tweet
Embed
Score 0/20 Timer 03:00
4 Plays Today
Letter MVPs % Correct
JJackson, Jeter, Johnson
90.3%
RRamirez, Renteria, Richardson, Rijo, Rivera, Robinson, Rose
77.3%
SSaberhagen, Sandoval, Schilling, Schmidt, Sherry, Springer, Stargell, Stewart
63.7%
BBeckett, Bench, Borders, Brosius, Bumgarner, Burdette
56.9%
GGibson, Glaus, Glavine, Guerrero
53.6%
OOrtiz
49.5%
MMatsui, Molitor, Morris
49.2%
HHamels, Hernandez, Hershiser
43.8%
KKnight, Koufax
32.5%
FFingers, Ford, Freese
31.1%
Letter MVPs % Correct
ZZobrist
30.5%
LLarsen, Lolich, Lowell
30.3%
EEckstein
26.2%
CCey, Clemente, Clendenon
24%
DDempsey, Dent, Dye
23.9%
PPearce, Perez, Podres, Porter
14.9%
WWetteland
13.8%
VViola
13.4%
TTenace, Terry, Trammell, Turley
13.1%
YYeager
8%

You're not logged in!

Compare scores with friends on all Sporcle quizzes.
OR
Log In

You Might Also Like...

Show Comments

Extras

Top Quizzes Today


Score Distribution

Your Account Isn't Verified!

In order to create a playlist on Sporcle, you need to verify the email address you used during registration. Go to your Sporcle Settings to finish the process.

Report this User

Report this user for behavior that violates our Community Guidelines.

Details: